A murder of quality / (Record no. 135728)
[ view plain ]
| 000 -LEADER | |
|---|---|
| fixed length control field | 00543cam2a220018100 4500 |
| 001 - CONTROL NUMBER | |
| control field | tmp15353955 |
| 003 - CONTROL NUMBER IDENTIFIER | |
| control field | UPRA |
| 005 - DATE AND TIME OF LATEST TRANSACTION | |
| control field | 20190822122838.0 |
| 008 - FIXED-LENGTH DATA ELEMENTS--GENERAL INFORMATION | |
| fixed length control field | 950801s1964 enk eng u |
| 035 ## - SYSTEM CONTROL NUMBER | |
| System control number | (Sirsi) r9507 |
| 035 ## - SYSTEM CONTROL NUMBER | |
| System control number | (UPRA)tmp15353955 |
| 040 ## - CATALOGING SOURCE | |
| Transcribing agency | UPRA |
| 100 1# - MAIN ENTRY--PERSONAL NAME | |
| Personal name | Le Carre, John, 1931- |
| Dates associated with a name | Le Carre, John, 1931- |
| Linkage | A5676.1 |
| 245 12 - TITLE STATEMENT | |
| Title | A murder of quality / |
| Statement of responsibility, etc. | [by] John le Carre [pseud.]. |
| 260 ## - PUBLICATION, DISTRIBUTION, ETC. | |
| Place of publication, distribution, etc. | [Harmondsworth, Middlesex] : |
| Name of publisher, distributor, etc. | Penguin, |
| Date of publication, distribution, etc. | [1964] |
| 949 ## - LOCAL PROCESSING INFORMATION (OCLC) | |
| a | PR6053.O74 |
| w | lcc |
| i | -989 |
| m | MAIN |
| t | BOOK |
| l | ON-SHELF |
No items available.